Q : (Record no. 17074)

MARC details
000 -LEADER
fixed length control field 01251cam a22003615a 4500
001 - CONTROL NUMBER
control field 16794642
003 - CONTROL NUMBER IDENTIFIER
control field EG-ScBUE
005 - DATE AND TIME OF LATEST TRANSACTION
control field 20220620154401.0
006 - FIXED-LENGTH DATA ELEMENTS--ADDITIONAL MATERIAL CHARACTERISTICS--GENERAL INFORMATION
fixed length control field m||||fq||h 00| 0
008 - FIXED-LENGTH DATA ELEMENTS--GENERAL INFORMATION
fixed length control field 110524t2011 nyua f 000 0 eng d
020 ## - INTERNATIONAL STANDARD BOOK NUMBER
International Standard Book Number 9780194756297
040 ## - CATALOGING SOURCE
Original cataloging agency EG-ScBUE
Language of cataloging eng
Description conventions rda
Transcribing agency EG-ScBUE
Modifying agency EG-ScBUE
082 04 - DEWEY DECIMAL CLASSIFICATION NUMBER
Classification number 428.24
Item number SAN
Edition number 22
100 1# - MAIN ENTRY--PERSONAL NAME
Personal name Santamaria, Jenni Currie,
Relator term author.
9 (RLIN) 31159
245 10 - TITLE STATEMENT
Title Q :
Remainder of title skills for success.
Number of part/section of a work 3,
Name of part/section of a work Reading and writing,
-- Teacher's handbook /
Statement of responsibility, etc Jenni Currie Santamaria.
246 30 - VARYING FORM OF TITLE
Title proper/short title Reading and writing
246 30 - VARYING FORM OF TITLE
Title proper/short title Teacher's handbook
264 #1 - PUBLICATION, DISTRIBUTION, ETC. (IMPRINT)
Place of publication, distribution, etc New York ;
-- Oxford :
Name of publisher, distributor, etc Oxford University Press,
Date of publication, distribution, etc [2011]
264 #4 - PUBLICATION, DISTRIBUTION, ETC. (IMPRINT)
Date of publication, distribution, etc c2011
300 ## - PHYSICAL DESCRIPTION
Extent xviii, 110 pages :
Other physical details illustrations (some color) ;
Dimensions 28 cm +
Accompanying material 1 CD
336 ## - CONTENT TYPE
Source rdacontent
Content type term text
Content type code txt
336 ## - CONTENT TYPE
Source rdacontent
Content type term sounds
Content type code snd
337 ## - MEDIA TYPE
Source rdamedia
Media type term unmediated
Media type code n
337 ## - MEDIA TYPE
Source rdamedia
Media type term audio
Media type code s
338 ## - CARRIER TYPE
Source rdacarrier
Carrier type term volume
Carrier type code nc
338 ## - CARRIER TYPE
Source rdacarrier
Carrier type term computer disc
Carrier type code cd
650 #7 - SUBJECT ADDED ENTRY--TOPICAL TERM
Topical term or geographic name as entry element English language
Form subdivision Textbooks for foreign speakers.
Source of heading or term BUEsh
9 (RLIN) 31160
650 #7 - SUBJECT ADDED ENTRY--TOPICAL TERM
Topical term or geographic name as entry element English language
General subdivision Rhetoric.
Source of heading or term BUEsh
9 (RLIN) 31161
651 ## - SUBJECT ADDED ENTRY--GEOGRAPHIC NAME
Source of heading or term BUEsh
653 ## - INDEX TERM--UNCONTROLLED
Resource For college Humanities: English
Arrived date list August2015
-- July2019
655 ## - INDEX TERM--GENRE/FORM
Form subdivision Reading book
9 (RLIN) 34232
942 ## - ADDED ENTRY ELEMENTS (KOHA)
Source of classification or shelving scheme Dewey Decimal Classification
Koha item type Book - Borrowing
Holdings
Withdrawn status Lost status Source of classification or shelving scheme Damaged status Not for loan Collection code Home library Current library Shelving location Date acquired Source of acquisition Total Checkouts Full call number Barcode Date last seen Date checked out Price effective from Koha item type Total Renewals Cost, normal purchase price Serial Enumeration / chronology
    Dewey Decimal Classification     Baccah Central Library Central Library Second Floor 17/09/2012 Purchase 2 428.24 SAN 000027126 15/07/2025 30/09/2017 17/09/2012 Book - Teacher Resource      
    Dewey Decimal Classification     Baccah Central Library Central Library Second Floor 17/09/2012 Purchase 2 428.24 SAN 000056291 24/08/2022 30/09/2017 17/09/2012 CD | DVD - With Teacher Resource 4    
    Dewey Decimal Classification     Baccah Central Library Central Library Second Floor 17/09/2012 Purchase 1 428.24 SAN 000027128 15/07/2025 20/02/2013 17/09/2012 Book - Teacher Resource      
    Dewey Decimal Classification     Baccah Central Library Central Library Second Floor 17/09/2012 Purchase   428.24 SAN 000056308 24/08/2022   17/09/2012 CD | DVD - With Teacher Resource      
    Dewey Decimal Classification     Baccah Central Library Central Library Second Floor 17/10/2012   1 428.24 SAN 000027685 15/07/2025 09/09/2019 17/10/2012 Book - Teacher Resource 5 110.00 3
    Dewey Decimal Classification     Baccah Central Library Central Library Second Floor 17/10/2012     428.24 SAN 000027686 15/07/2025   17/10/2012 Book - Teacher Resource   110.00 3
    Dewey Decimal Classification     Baccah Central Library Central Library Second Floor 17/10/2012   2 428.24 SAN 000027687 15/07/2025 28/09/2016 17/10/2012 Book - Teacher Resource 3 110.00 3
    Dewey Decimal Classification     Baccah Central Library Central Library Second Floor 17/10/2012 Purchase   428.24 SAN 000056310 24/08/2022     CD | DVD - With Teacher Resource      
    Dewey Decimal Classification     Baccah Central Library Central Library Second Floor 17/10/2012 Purchase   428.24 SAN 000056309 24/08/2022     CD | DVD - With Teacher Resource      
    Dewey Decimal Classification     Baccah Central Library Central Library Second Floor 17/10/2012 Purchase 1 428.24 SAN 000056307 24/08/2022 19/12/2013 17/10/2012 CD | DVD - With Teacher Resource